Beliebteste Biermarken Österreich - Statistiken

Allgemein
  • Dieses Quiz wurde 298 mal gespielt
  • Das Durchschnittsergebnis liegt bei 5 aus 10
Antwortstatistiken
Hint Antwort % Korrekt
2 Gösser
89%
1 Stiegl
89%
4 Ottakringer
71%
7 Puntigammer
67%
3 Zipfer
51%
5 Wieselburger
49%
8 Murauer
39%
6 Hirter
32%
9 Zwettler
26%
10 Schremser
9%
Keine übereinstimmenden Quizze gefunden
Verteilung der Resultate
Anzahl Personen mit jedem Resultat
Perzentil nach korrekt beantworteten Fragen
Ihre Resultats-Entwicklung
Sie haben dieses Quiz noch nicht gespielt